000 00658nam a2200241Ia 4500
003 OSt
005 20220924135319.0
006 a|||||r|||| 00| 0
007 ta
008 220923b |||||||| |||| 00| 0 ben d
024 _a290473
037 _cTextual
040 _aARTS
_cARTS
_bben
041 _2ben
_aben
082 _aO122,3N00.1, 157N5
100 _aSaint-Exupery Antoine de
_949596
245 0 _aKhude Rajkumar
260 _c1995
650 _aFRENCH LITERATURE
_913614
700 _a Dey Esha Tr.
_9210048
942 _hO122,3N00.1, 157N5
_cTEXL
_2CC
999 _c440243
_d440243